Middle East Countries- Sudden Death - Statistics

General Stats
  • This quiz has been taken 63 times
  • The average score is 14 of 16
Answers on the Grid
Answers color-coded by a green-red scale on the quiz's grid according to % correct below.
UAE
Iran
Cyprus
India
Lebanon
Singapore
Maldives
Jordan
Saudi Arabia
Yemen
Papua new guinew
Greece
Kazakhstan
Benin
Egypt
Palestinian islands
Palestine
Turkey
Qatar
Bahrain
Comoros
Iraq
Kuwait
Syria
Pakistan
 
Answer Stats
Answer % Correct
Iran
100%
Saudi Arabia
96%
UAE
96%
Iraq
93%
Syria
93%
Jordan
91%
Kuwait
91%
Lebanon
91%
Palestine
91%
Qatar
91%
Yemen
91%
Bahrain
87%
Turkey
83%
Egypt
78%
Cyprus
65%
Palestinian islands
59%
No matching quizzes found
Score Distribution
Percent of People with Each Score
Percentile by Number Answered
Your Score History
You have not taken this quiz